Modern labor economics : (Record no. 19779)
[ view plain ]
| 000 -LEADER | |
|---|---|
| fixed length control field | 01721cam a22003135a 4500 |
| 001 - CONTROL NUMBER | |
| control field | 016828143 |
| 003 - CONTROL NUMBER IDENTIFIER | |
| control field | OSt |
| 005 - DATE AND TIME OF LATEST TRANSACTION | |
| control field | 20201128021318.0 |
| 008 - FIXED-LENGTH DATA ELEMENTS--GENERAL INFORMATION | |
| fixed length control field | 140725t2015 enkadk frb 001 0 eng d |
| 020 ## - INTERNATIONAL STANDARD BOOK NUMBER | |
| International Standard Book Number | 9781292060477 (paperback) |
| 020 ## - INTERNATIONAL STANDARD BOOK NUMBER | |
| International Standard Book Number | 1292060476 (paperback) |
| 040 ## - CATALOGING SOURCE | |
| Original cataloging agency | Uk |
| Language of cataloging | eng |
| Transcribing agency | Uk |
| Modifying agency | UkOxU |
| -- | EG-ScBUE |
| 082 04 - DEWEY DECIMAL CLASSIFICATION NUMBER | |
| Classification number | 331 |
| Item number | EHR |
| Edition number | 22 |
| 100 1# - MAIN ENTRY--PERSONAL NAME | |
| Personal name | Ehrenberg, Ronald G. |
| 9 (RLIN) | 1320 |
| 245 10 - TITLE STATEMENT | |
| Title | Modern labor economics : |
| Remainder of title | theory and public policy / |
| Statement of responsibility, etc | Ronald G. Ehrenberg, Robert S. Smith. |
| 250 ## - EDITION STATEMENT | |
| Edition statement | 12 ed., Global ed. |
| 260 ## - PUBLICATION, DISTRIBUTION, ETC. (IMPRINT) | |
| Place of publication, distribution, etc | Harlow : |
| Name of publisher, distributor, etc | Pearson Education Limited, |
| Date of publication, distribution, etc | c.2015. |
| 300 ## - PHYSICAL DESCRIPTION | |
| Extent | 683 p. : |
| Other physical details | charts, forms, tables ; |
| Dimensions | 24 cm. |
| 500 ## - GENERAL NOTE | |
| General note | Publication date from publisher's website. |
| 504 ## - BIBLIOGRAPHY, ETC. NOTE | |
| Bibliography, etc | Includes bibliographical references and indexes. |
| 505 0# - FORMATTED CONTENTS NOTE | |
| Formatted contents note | Introduction -- Overview of the labor market -- The demand for labor -- Labor demand elasticities -- Frictions in the labor market -- Supply of labor to the economy: the decision to work -- Labor supply: household production, the family, and the life cycle -- Compensating wage differentials and labor markets -- Investments in human capital: education and training -- Worker mobility: migration, immigration, and turnover -- Pay and productivity : wage determination within the firm -- Gender, race, and ethnicity in the labor market -- Unions and the labor market -- - Unemployment -- Inequality in earnings--The labor-market effects of international trade and production sharing. |
| 650 #7 - SUBJECT ADDED ENTRY--TOPICAL TERM | |
| Topical term or geographic name as entry element | Labor economics. |
| Source of heading or term | BUEsh |
| 9 (RLIN) | 1571 |
| 650 #0 - SUBJECT ADDED ENTRY--TOPICAL TERM | |
| Topical term or geographic name as entry element | Labor policy. |
| Source of heading or term | BUEsh |
| 9 (RLIN) | 1576 |
| 651 ## - SUBJECT ADDED ENTRY--GEOGRAPHIC NAME | |
| Source of heading or term | BUEsh |
| 653 ## - INDEX TERM--UNCONTROLLED | |
| Resource For college | BAEPS, Economics |
| Arrived date list | June2015 |
| -- | July2015 |
| 655 ## - INDEX TERM--GENRE/FORM | |
| Form subdivision | |
| -- | 34232 |
| 700 1# - ADDED ENTRY--PERSONAL NAME | |
| Personal name | Smith, Robert S. |
| 9 (RLIN) | 1566 |
| 942 ## - ADDED ENTRY ELEMENTS (KOHA) | |
| Source of classification or shelving scheme | Dewey Decimal Classification |
| Call number prefix | 331 EHR |
| Withdrawn status | Lost status | Source of classification or shelving scheme | Damaged status | Not for loan | Koha collection | Home library | Current library | Shelving location | Date acquired | Source of acquisition | Cost, normal purchase price | Serial Enumeration / chronology | Total Checkouts | Total Renewals | Full call number | Barcode | Date last seen | Date last borrowed | Cost, replacement price | Koha item type |
|---|---|---|---|---|---|---|---|---|---|---|---|---|---|---|---|---|---|---|---|---|
| Dewey Decimal Classification | Alahram | Central Library | Central Library | First floor | 21/06/2015 | 295.00 | 317 | 3 | 13 | 331 EHR | 000038548 | 15/07/2025 | 22/01/2022 | 368.75 | Book - Borrowing |